Online
Catalog

Dinámica de grupo Antón 78 / (Record no. 14148)

MARC details
000 -CABECERA
campo de control de longitud fija 00822cam a2200265 a 4500
001 - NÚMERO DE CONTROL
campo de control 000014561
005 - FECHA Y HORA DE LA ÚLTIMA TRANSACCIÓN
campo de control 20200929163853.0
008 - DATOS DE LONGITUD FIJA--INFORMACIÓN GENERAL
campo de control de longitud fija 770708s1976 sp a b 000 0 spa
020 ## - NÚMERO INTERNACIONAL ESTÁNDAR DEL LIBRO
Número Internacional Estándar del Libro 8432505528
035 ## - NÚMERO DE CONTROL DEL SISTEMA
Número de control de sistema (DLC) 77465382
040 ## - FUENTE DE LA CATALOGACIÓN
Centro catalogador/agencia de origen DO-SdBNP
Centro/agencia transcriptor DLC
Centro/agencia modificador DLC
082 ## - NÚMERO DE LA CLASIFICACIÓN DECIMAL DEWEY
Número de clasificación 302.3
Número de documento/Ítem A6347d
049 ## - FONDOS LOCALES (OCLC)
Fondos de biblioteca BNGR
100 1# - ENTRADA PRINCIPAL--NOMBRE DE PERSONA
Nombre de persona Anton, Julio
9 (RLIN) 32960
245 10 - MENCIÓN DE TÍTULO
Título Dinámica de grupo Antón 78 /
Mención de responsabilidad, etc. Julio Anton.
246 3# - FORMA VARIANTE DE TÍTULO
Título propio/Titulo breve Dinámica de grupo Antón setenta y ocho
260 ## - PUBLICACIÓN, DISTRIBUCIÓN, ETC.
Lugar de publicación, distribución, etc. Madrid :
Nombre del editor, distribuidor, etc. Doncel,
Fecha de publicación, distribución, etc. 1976.
300 ## - DESCRIPCIÓN FÍSICA
Extensión 207 p. :
Otras características físicas il. ;
Dimensiones 18 cm.
490 1# - MENCIÓN DE SERIE
Mención de serie El libro de bolsillo Doncel
Designación de volumen o secuencia 88
504 ## - NOTA DE BIBLIOGRAFÍA, ETC.
Nota de bibliografía, etc. Bibliografías: 205-207.
650 #4 - PUNTO DE ACCESO ADICIONAL DE MATERIA--TÉRMINO DE MATERIA
Término de materia o nombre geográfico como elemento de entrada Dinámica de grupos
9 (RLIN) 13555
650 #4 - PUNTO DE ACCESO ADICIONAL DE MATERIA--TÉRMINO DE MATERIA
Término de materia o nombre geográfico como elemento de entrada Sociología de la educación
9 (RLIN) 7856
830 #0 - PUNTO DE ACCESO ADICIONAL DE SERIE-TÍTULO UNIFORME
Título uniforme El libro de bolsillo Doncel ;
Designación de volumen o secuencia 88
9 (RLIN) 8628
910 ## - DATOS DE OPCIÓN DEL USUARIO (OCLC)
Datos de opción del usuario Catalogación por copia / LC
Holdings
Estado de retiro Estado de pérdida Restricciones de uso No para préstamo Código de colección Localización permanente Ubicación/localización actual Ubicación en estantería Fecha de adquisición Número de inventario Total de préstamos Signatura topográfica completa Código de barras Fecha visto por última vez Precio válido a partir de Tipo de ítem Koha Número de copia
      Excluido de préstamo Monografías: Libros y Folletos General General En catalogación 14.01.2010 LF1   302.3 A6347d 14561-10 25.06.2020 25.06.2020 No se presta  
      Excluido de préstamo Monografías: Libros y Folletos General General En catalogación 14.01.2010 LF1   302.3 A6347d 14561-20 25.06.2020 25.06.2020 No se presta e.2
      Excluido de préstamo Monografías: Libros y Folletos General General En catalogación 14.01.2010 LF1   302.3 A6347d 14561-30 25.06.2020 25.06.2020 No se presta e.3

Powered by Koha